| 000 | 00557nam a22001817a 4500 | ||
|---|---|---|---|
| 999 |
_c524816 _d524816 |
||
| 003 | NUST | ||
| 005 | 20190626071610.0 | ||
| 008 | 190626b ||||| |||| 00| 0 eng d | ||
| 038 | _aMr. Zahoor | ||
| 082 | _a621.3 | ||
| 100 |
_aSaad Ullah _915608 |
||
| 245 |
_aLinear Quadratic Sampled-Data Segulation Based On Realizable Reconstruction Filter/ _cSaad Ullah |
||
| 260 |
_aIslamabad: _bCEME - NUST _c2015. |
||
| 300 |
_a75p. : ill. ; _c30 cm |
||
| 500 | _aHardcover. | ||
| 600 |
_2Electrical Engineering - MS Thesis _aSaad Ullah _915608 |
||
| 942 |
_2ddc _cTHE |
||